=LDR 00000nam 2200000 4500 =001 INLIS000000000005518 =005 20130612093749 =008 ***********************************Ind** =035 ##$$0010-061300000005518 =041 ##$$a Ind =082 ##$$a 220.892 94 =090 ##$$a 220.892 94, Nai n =100 ##$$a NAIPOSPOS =245 ##$$a Nama-nama pribadi dalam Alkitab, P.S. Naipospos, J.J. de Har =260 ##$$a 1990 $b Jakarta =300 ##$$a 116 hlm, 18 cm =650 ##$$a Alkitab =650 ##$$a Nama Pribadi =700 ##$$a Har, J.J. de =850 ##$$a NBPNMAT